| 000 | 00462cam a22001934a 4500 | ||
|---|---|---|---|
| 005 | 20250605164314.0 | ||
| 008 | 250528s ||||||||||||||||||||||||d | ||
| 035 | _a22610 | ||
| 020 | _a9780273634102 | ||
| 040 |
_aGR-AtMCL _bgre _dGR-AtMCL _eAACR2 |
||
| 245 | 1 | _aBUSINESS INFORMATION TECHNOLOGY | |
| 250 | _a1 | ||
| 260 |
_bPrentice Hall, _c1998 |
||
| 300 | _a326 | ||
| 700 | 1 |
_aCleary Timothy _91027 |
|
| 942 | _cBK | ||
| 999 |
_c7658 _d7658 |
||